Defining travel : (Record no. 1852)
[ view plain ]
| 000 -LEADER | |
|---|---|
| fixed length control field | 02871cam a22003614a 4500 |
| 001 - CONTROL NUMBER | |
| control field | data |
| 005 - DATE AND TIME OF LATEST TRANSACTION | |
| control field | 20260322212121.0 |
| 008 - FIXED-LENGTH DATA ELEMENTS--GENERAL INFORMATION | |
| fixed length control field | data |
| 035 ## - SYSTEM CONTROL NUMBER | |
| System control number | 12435260 |
| 010 ## - LIBRARY OF CONGRESS CONTROL NUMBER | |
| LC control number | 2001026905 |
| 020 ## - INTERNATIONAL STANDARD BOOK NUMBER | |
| International Standard Book Number | 1578064112 |
| Qualifying information | cloth |
| 020 ## - INTERNATIONAL STANDARD BOOK NUMBER | |
| International Standard Book Number | 9781578064113 |
| Qualifying information | (cloth) |
| 040 ## - CATALOGING SOURCE | |
| Original cataloging agency | DLC |
| Transcribing agency | DLC |
| Modifying agency | DLC |
| 042 ## - AUTHENTICATION CODE | |
| Authentication code | pcc |
| 050 00 - LIBRARY OF CONGRESS CALL NUMBER | |
| Classification number | G163 |
| Item number | .D44 2001 |
| 082 00 - DEWEY DECIMAL CLASSIFICATION NUMBER | |
| Classification number | 910/.4 |
| Edition information | 21 |
| 245 00 - TITLE STATEMENT | |
| Title | Defining travel : |
| Remainder of title | diverse visions / |
| Statement of responsibility, etc. | edited by Susan L. Roberson. |
| 260 ## - PUBLICATION, DISTRIBUTION, ETC. | |
| Place of publication, distribution, etc. | Jackson : |
| Name of publisher, distributor, etc. | University Press of Mississippi, |
| Date of publication, distribution, etc. | c2001. |
| 300 ## - PHYSICAL DESCRIPTION | |
| Extent | xxvi, 297 p. ; |
| Dimensions | 24 cm. |
| 336 ## - CONTENT TYPE | |
| Content type term | text |
| Content type code | txt |
| Source | rdacontent |
| 337 ## - MEDIA TYPE | |
| Media type term | unmediated |
| Media type code | n |
| Source | rdamedia |
| 338 ## - CARRIER TYPE | |
| Carrier type term | volume |
| Carrier type code | nc |
| Source | rdacarrier |
| 504 ## - BIBLIOGRAPHY, ETC. NOTE | |
| Bibliography, etc. note | Includes bibliographical references (p. [287]-289 ) and index. |
| 505 8# - FORMATTED CONTENTS NOTE | |
| Formatted contents note | Machine generated contents note: TRAVEL AND TOURISM i -- The Ancients and the Moders: From Suffering to Freedom 5 -- ERIC LEED -- Sightseeing and Social Structure I 3 -- DEAN MACCANNELL -- Phenomenology of Tourist Experiences 29 -- ERIK COHEN -- America 56 -- JEAN BAUDRILLARD -- READING AND WRITING TRAVEL 6I -- The School of Dreams Is Located Under the Bed 67 -- HELENE CIXOUS -- Travel and Writing 69 -- MICHEL BUTOR -- Spatial Stories 88 -- MICHEL DE CERTEAU -- Travel Books as Literary Phenomena Io5 -- PAUL FUSSELL -- Language and Event in New World History II7 -- WAYNE FRANKLIN -- Scratches on the Face of the Country; or, What Mr. Barrow -- Saw in the Land of the Bushmen 132 -- MARY LOUISE PRATT -- THE NEW INTERNATIONALISM I53 -- Border Lives: The Art of the Present I57 -- HOMI BHABHA -- A Global Sense of Place I67 -- DOREEN MASSEY -- Reflections on Exile 178 -- EDWARD W. SAID -- Deterritorializations: The Rewriting of Home and Exile in -- Western Feminist Discourse Igo90 -- CAREN KAPLAN -- Is the Ethnic "Authentic" in the Diaspora? 200 -- R. RADHAKRISHNAN -- THE POLITICS OF RELOCATION 2II -- The Relocation of Low-Income Rural Communities with -- Strong Ties to the Land 217 -- THAYER SCUDDER -- The Desi Chain 222 -- GUSTAVO PtREZ-FIRMAT -- The Homeland, Aztlan 232 -- GLORIA ANZALDOA -- Native American Novels: Homing In 244 -- WILLIAM BEVIS -- Sea Change: The Middle Passage and The Transatlantic -- Imagination 258 -- CARL PEDERSEN -- Who Set You Flowin'?: The African American Migration -- Narrative 267 -- FARAH JASMINE GRIFFIN -- Essayists 28I -- Acknowledgments 287 -- Index 29. |
| 650 #0 - SUBJECT ADDED ENTRY--TOPICAL TERM | |
| Topical term or geographic name entry element | Travel. |
| 650 #0 - SUBJECT ADDED ENTRY--TOPICAL TERM | |
| Topical term or geographic name entry element | Travelers. |
| 700 1# - ADDED ENTRY--PERSONAL NAME | |
| Personal name | Roberson, Susan L., |
| Dates associated with a name | 1950- |
| 856 41 - ELECTRONIC LOCATION AND ACCESS | |
| Materials specified | Table of contents |
| Uniform Resource Identifier | <a href="http://www.loc.gov/catdir/toc/fy022/2001026905.html">http://www.loc.gov/catdir/toc/fy022/2001026905.html</a> |
| 906 ## - LOCAL DATA ELEMENT F, LDF (RLIN) | |
| a | 7 |
| b | cbc |
| c | orignew |
| d | 1 |
| e | ocip |
| f | 20 |
| g | y-gencatlg |
| 925 0# - | |
| -- | acquire |
| -- | 2 shelf copies |
| -- | policy default |
| 955 ## - COPY-LEVEL INFORMATION (RLIN) | |
| -- | pv06 2002-06-12 to BCCD |
| Withdrawn status | Lost status | Damaged status | Not for loan | Home library | Current library | Shelving location | Date acquired | Total checkouts | Full call number | Barcode | Date last seen | Price effective from | Koha item type |
|---|---|---|---|---|---|---|---|---|---|---|---|---|---|
| Centerville | Centerville | General stacks | 22/03/2026 | 910/.4 | LOC-CPL-00020 | 22/03/2026 | 22/03/2026 | Books |